000
00314nam a22001457a 4500
008
210527b ||||| |||| 00| 0 eng d
020
_a
9781439081037
041
_a
eng
080
_a
004
082
_a
004
100
_a
28
101
_a
SHKI
245
_a
Microsoft Windows 7
_c
Gary B. Shelly
942
_2
udc
_c
BK
999
_c
57707
_d
57707